Vista normal
Vista MARC
Entrada Genre/Form Term
Número de registros utilizados en: 1
001 - CONTROL NUMBER
- control field: 3089
003 - CONTROL NUMBER IDENTIFIER
- control field: OSt
005 - DATE AND TIME OF LATEST TRANSACTION
- control field: 20240412121840.0
008 - FIXED-LENGTH DATA ELEMENTS
- fixed length control field: 240412|| aca||aabn | a|a d
040 ## - CATALOGING SOURCE
- Original cataloging agency: OSt
- Transcribing agency: OSt
155 ## - HEADING--GENRE/FORM TERM
- Genre/form term: Cuento
670 ## - SOURCE DATA FOUND
- Source citation: Work cat.: (OSt)2276: Bach, Richard 3088, Biplano., 1986.